[Event "Challenge"]
[Site "http://www.queenalice.com/game.php?id=1360105"]
[Date "2015.5.17"]
[Round "-"]
[White "Sergio50"]
[Black "mixatlas"]
[Result "0-1"]
[WhiteElo "1366"]
[BlackElo "1516"]

1. g3 e5 2. h4 d5 3. Bh3 Bxh3 4. Nxh3 d4 5. d3 f6 6. f4 Qd5 7. e4 Qd6 8. O-O Nc6
9. fxe5 Nxe5 10. Nf4 g6 11. b3 g5 12. hxg5 Nf7 13. g6 Ng5 14. Qh5 O-O-O 15. a4
Ne7 16. Ba3 c5 17. Qg4+ Kb8 18. Ne6 Nxe6 19. Rxf6 Nxg6 20. Rxe6 Qd7 21. Qf5 Re8
22. Rxe8+ Qxe8 23. Bxc5 Bxc5 24. Qxc5 Qd7 25. Qh5 Qc7 26. Kg2 Nf4+ 27. gxf4 Qxf4
0-1

[Event "Challenge"]
[Site "http://www.queenalice.com/game.php?id=1360108"]
[Date "2015.5.17"]
[Round "-"]
[White "Sergio50"]
[Black "mixatlas"]
[Result "0-1"]
[WhiteElo "1377"]
[BlackElo "1505"]

1. b3 d5 2. d4 Nc6 3. c3 e5 4. Nf3 e4 5. Ne5 Qd6 6. Ba3 Qh6 7. b4 Nxe5 8. dxe5
Qh5 9. Qxd5 Qg6 10. Nd2 Ne7 11. Qd4 Nc6 12. Qxe4 Qxe4 13. Nxe4 Nxe5 14. O-O-O
Bf5 15. Ng3 Nc4 16. Bb2 Be6 17. e3 Nxb2 18. Kxb2 Bd6 19. Ne4 O-O-O 20. Bd3 f6
21. h3 Bf5 22. Ng3 Bxd3 23. Rxd3 g6 24. Ne4 f5 25. Ng5 Be7 26. Rxd8+ Bxd8 0-1

[Event "Challenge"]
[Site "http://www.queenalice.com/game.php?id=1363192"]
[Date "2015.6.2"]
[Round "-"]
[White "Sonia"]
[Black "mixatlas"]
[Result "1-0"]
[WhiteElo "1623"]
[BlackElo "1562"]

1. e4 c6 2. Nf3 d5 3. exd5 cxd5 4. d4 Bg4 5. Be2 Bxf3 6. Bxf3 e6 7. Bf4 Nc6 8.
c3 Bd6 9. Bg3 Bxg3 10. hxg3 Nge7 11. Nd2 e5 12. O-O b5 13. a3 e4 14. Be2 a6 15.
b4 a5 16. Bxb5 axb4 17. cxb4 Qb6 18. Bxc6+ Nxc6 19. Nb3 O-O 20. Nc5 Rad8 21. Nb3
f5 22. Nc5 Rd6 23. Qd2 Rff6 24. Qe3 Nxb4 25. axb4 Qxb4 26. Rab1 Qc4 27. Rb8+ Rf8
28. Rb7 Qa2 29. Qg5 Rg6 30. Qf4 h6 31. Qe5 Kh7 32. Ne6 Rff6 33. Nf4 Qa6 34. Rd7
Qc6 35. Qe7 Rd6 36. Rb7 Rdf6 37. Rb8 Re6 38. Qf8 1-0

[Event "encore"]
[Site "http://www.queenalice.com/game.php?id=1364791"]
[Date "2015.6.10"]
[Round "-"]
[White "mixatlas"]
[Black "jbugg"]
[Result "1-0"]
[WhiteElo "1526"]
[BlackElo "1395"]

1. e4 e5 2. Nf3 Nc6 3. Ng5 Qf6 4. Nf3 Qf4 5. d4 Qxe4+ 6. Be2 exd4 7. O-O Nf6 8.
Bd3 Qd5 9. Bg5 Be7 10. c4 dxc3 11. Nxc3 Qc5 12. Be3 Qh5 13. h3 Ne5 14. Be2 Nxf3+
15. Bxf3 Qg6 16. Nb5 Bd8 17. Bd4 Ne4 18. Bxe4 Qxe4 19. Bxg7 Rg8 20. Nc3 Qg6 21.
Re1+ Be7 22. Rxe7+ Kxe7 23. Nd5+ Kd8 24. Bf6+ Ke8 25. Nxc7+ Kf8 26. Qd6# 1-0

[Event "vendetta!"]
[Site "http://www.queenalice.com/game.php?id=1371949"]
[Date "2015.7.17"]
[Round "-"]
[White "jbugg"]
[Black "mixatlas"]
[Result "0-1"]
[WhiteElo "1523"]
[BlackElo "1576"]

1. e4 c6 2. Bc4 d5 3. exd5 cxd5 4. Bd3 Be6 5. Nf3 Bg4 6. Bb5+ Nd7 7. Be2 e5 8.
O-O e4 9. Nd4 Bxe2 10. Qxe2 Nh6 11. Nc3 Bc5 12. Qe3 Ng4 13. Qf4 Nde5 14. Nf5 Qb6
15. Nxg7+ Kf8 16. Nxd5 Nf3+ 17. gxf3 Bxf2+ 18. Kg2 Qg6 19. Qxg4 Kxg7 20. Rxf2
Rae8 21. Qxg6+ hxg6 22. d4 f5 23. f4 Rh4 24. Nc7 Reh8 25. Ne6+ Kf6 26. Nc5 Rxh2+
27. Kf1 Rh1+ 28. Ke2 Rg1 29. Nd3 Rhh1 30. d5 Rd1 31. Ke3 exd3 32. cxd3 Rxc1 33.
Rxc1 Rxc1 34. Kd4 Ke7 35. Rg2 Rf1 36. Ke3 Re1+ 37. Kd4 Rf1 38. Re2+ Kd7 39. Ke3
Ra1 40. a3 Rg1 41. Kd4 Rg4 42. Ke3 Rg1 43. Rh2 Kd6 44. Kd4 Rg4 45. Rf2 b5 46. b4
g5 47. Ke3 Rxf4 48. Rxf4 gxf4+ 49. Kxf4 Kxd5 50. Kxf5 a6 51. Kf4 Kd4 52. Kf5
Kxd3 53. Ke5 Kc4 54. Kd6 Kb3 55. Kc5 Kxa3 56. Kb6 Kxb4 57. Kxa6 Kc5 58. Ka5 b4
59. Ka4 Kc4 60. Ka5 b3 61. Ka4 b2 62. Ka3 b1=Q 63. Ka4 Qb4# 0-1

[Event "Challenge"]
[Site "http://www.queenalice.com/game.php?id=1384104"]
[Date "2015.9.19"]
[Round "-"]
[White "mixatlas"]
[Black "Salvo2015"]
[Result "1-0"]
[WhiteElo "1606"]
[BlackElo "1424"]

1. e4 e5 2. Bc4 Qg5 3. Qf3 d6 4. Bxf7+ Ke7 5. Ne2 Be6 6. Bxe6 Kxe6 7. d4 Qxc1+
8. Nxc1 Nf6 9. d5+ Ke7 10. Qf5 Nbd7 11. Nc3 g6 12. Qg5 c5 13. O-O h6 14. Qxg6 c4
15. Qf5 b6 16. b4 h5 17. a4 Rg8 18. Nd1 Rg4 19. Qe6+ Kd8 20. f3 Rg6 21. Ne3 Bh6
22. Nxc4 Rc8 23. Nxd6 Rxc2 24. Rf2 Rxc1+ 25. Rxc1 Bxc1 26. Nf7+ Kc7 27. Rc2+ Kb7
28. Rxc1 h4 29. Qc6+ Kb8 30. Qc8# 1-0

[Event "Challenge"]
[Site "http://www.queenalice.com/game.php?id=1384189"]
[Date "2015.9.19"]
[Round "-"]
[White "Consultti"]
[Black "mixatlas"]
[Result "0-1"]
[WhiteElo "1579"]
[BlackElo "1590"]

1. e4 c6 2. Nc3 d5 3. e5 d4 4. Ne4 e6 5. Nf3 f5 6. Neg5 c5 7. d3 Be7 8. Nxe6
Bxe6 9. Bg5 h6 10. Nh4 hxg5 11. Ng6 Rh6 12. Nxe7 Nxe7 13. Qf3 Nbc6 14. g3 Nxe5
15. Qxb7 Bd5 16. Qb5+ N7c6 17. O-O-O Bxh1 18. Bh3 a6 19. Qxc5 Bd5 20. Bxf5 Bxa2
21. Re1 Be6 22. Rxe5 Nxe5 23. Qxe5 Qd7 24. Be4 Ra7 25. Qb8+ Kf7 26. Qe5 a5 27.
f4 gxf4 28. Qxf4+ Rf6 29. Qg5 Rf1+ 30. Kd2 Qe7 31. Qh5+ Kf8 32. Bg6 Bf7 33. Qh8+
Bg8 34. Be4 Rb7 35. b3 Qb4+ 36. c3 Qxc3+ 37. Ke2 Qe1# 0-1

[Event "ciao!"]
[Site "http://www.queenalice.com/game.php?id=1390109"]
[Date "2015.10.20"]
[Round "-"]
[White "mafalda0"]
[Black "mixatlas"]
[Result "1-0"]
[WhiteElo "1169"]
[BlackElo "1615"]

1. e4 c6 2. Nc3 d5 3. exd5 cxd5 4. d4 Nc6 5. Bb5 Qd7 6. Nf3 a6 7. Ne5 Qd6 8. Qf3
Nf6 9. Ba4 Qb4 10. Qe3 Ng4 11. Qd2 b5 12. Nxc6 bxa4 13. Nxb4 1-0

[Event "ciao ciao"]
[Site "http://www.queenalice.com/game.php?id=1390120"]
[Date "2015.10.21"]
[Round "-"]
[White "ANGELOAZZURRO"]
[Black "mixatlas"]
[Result "1-0"]
[WhiteElo "1474"]
[BlackElo "1585"]

1. e4 c6 2. Bc4 d5 3. Bb3 e5 4. f3 Nf6 5. d3 d4 6. Bg5 Qe7 7. Bxf6 Qxf6 8. Nh3
Bxh3 9. gxh3 Qh4+ 10. Kd2 Qxh3 11. Qf1 Qh6+ 12. f4 Bb4+ 13. c3 Bc5 14. cxd4 Bb4+
15. Kc2 exd4 16. a3 Ba5 17. Qf2 Qd6 18. e5 Qe7 19. Qxd4 Bb6 20. Qa4 a5 21. Nd2
O-O 22. Rhg1 Bxg1 23. Rxg1 b5 24. Qd4 Nd7 25. e6 c5 26. Qxg7# 1-0

[Event "ciao"]
[Site "http://www.queenalice.com/game.php?id=1391102"]
[Date "2015.10.28"]
[Round "-"]
[White "serard1"]
[Black "mixatlas"]
[Result "0-1"]
[WhiteElo "1506"]
[BlackElo "1578"]

1. e3 d5 2. d4 c6 3. c4 e5 4. dxe5 Bb4+ 5. Bd2 Bxd2+ 6. Qxd2 Nd7 7. Nf3 Qe7 8.
cxd5 cxd5 9. Qxd5 Nb6 10. Qd4 Bd7 11. Na3 f6 12. O-O-O O-O-O 13. Nc4 Bb5 14.
Qg4+ Kb8 15. exf6 gxf6 16. Nxb6 Qc7+ 17. Nc4 Rxd1+ 18. Kxd1 Ne7 19. Qg7 Rg8 20.
Qxh7 Bxc4 21. b3 Rd8+ 22. Kc2 Bxf1+ 23. Kb2 Bxg2 24. Rc1 Qd6 25. Nd4 Qe5 26. Rc3
Be4 27. h4 Bxh7 28. h5 Rxd4 29. exd4 Qxd4 30. a4 Qd2+ 0-1

[Event "Challenge"]
[Site "http://www.queenalice.com/game.php?id=1394043"]
[Date "2015.11.14"]
[Round "-"]
[White "mixatlas"]
[Black "mafalda0"]
[Result "1-0"]
[WhiteElo "1591"]
[BlackElo "1233"]

1. e4 Nf6 2. e5 Nd5 3. c4 Nf4 4. g3 Ne6 5. Bh3 b6 6. f4 Bb7 7. Nf3 d5 8. Ng5 Nd4
9. e6 Nxe6 10. Bxe6 fxe6 11. d4 dxc4 12. Nxe6 Qd7 13. d5 Bxd5 14. Qxd5 Qxd5 15.
Nxc7+ Kd8 16. Nxd5 Nc6 17. Nbc3 e6 18. Ne3 Nd4 19. Kf2 Bc5 20. Ne4 Nc2 21. Nxc5
bxc5 22. Nxc2 Rf8 23. Kg2 Re8 24. Na3 c3 25. bxc3 a6 26. Be3 h6 27. Nc4 g5 28.
fxg5 hxg5 29. Bxg5+ Kc7 30. Bf4+ Kc6 31. Rhd1 Rab8 32. Bxb8 Rxb8 33. Ne5+ Kc7
34. Rd7+ 1-0

[Event "Nuvolabianca"]
[Site "http://www.queenalice.com/game.php?id=1500810"]
[Date "2017.10.28"]
[Round "-"]
[White "mixatlas"]
[Black "ulisses34"]
[Result "0-1"]
[WhiteElo "1578"]
[BlackElo "1746"]

1. e4 e5 2. Nf3 d6 3. Bc4 Be7 4. O-O Bg4 5. g3 Bh3 6. Re1 Nf6 7. Ng5 Qd7 8.
Bxf7+ Kf8 9. Qf3 Bg4 10. Be6 Bxe6 11. Nxe6+ Qxe6 12. d3 Nc6 13. Qf5 Qxf5 14.
exf5 Nd5 15. Re4 Ndb4 16. Rc4 d5 17. Rc3 Nd4 18. Kf1 Nbxc2 19. Be3 Nxa1 20. Bxd4
exd4 21. Rxc7 Rb8 22. Nd2 Kf7 23. Rc1 Bg5 24. f4 Be7 25. Rxa1 Rbc8 26. Nf3 Bf6
27. Nh4 Bxh4 28. gxh4 Rc2 29. Re1 Rxh2 30. Re5 Rxh4 31. Rxd5 Rxf4+ 32. Kg2 h5
33. Rd7+ Kf6 34. Rxb7 Ra8 35. Kg3 Rxf5 36. Rc7 Kg6 37. Rd7 Rg5+ 38. Kh4 Rg4+ 39.
Kh3 Kh7 40. b4 a6 41. Rd5 g6 42. Rd7+ Kh6 43. Rd5 Re8 44. Kh2 Re2+ 45. Kh1 h4
46. b5 axb5 47. Rd8 Rxa2 48. Rh8+ Kg7 49. Rb8 Ra3 50. Rb7+ Kf6 51. Rxb5 Rxd3 52.
Rb1 Rh3# 0-1

[Event "Challenge"]
[Site "http://www.queenalice.com/game.php?id=1501111"]
[Date "2017.10.30"]
[Round "-"]
[White "renocharlier"]
[Black "mixatlas"]
[Result "1-0"]
[WhiteElo "1348"]
[BlackElo "1524"]

1. e4 c6 2. c3 d5 3. exd5 cxd5 4. d4 Bd7 5. Nf3 e6 6. Bf4 Nc6 7. Bd3 Be7 8. Be2
Nf6 9. Nbd2 b5 10. Ne5 Nxe5 11. Bxe5 Ne4 12. f3 Bh4+ 13. g3 f6 14. gxh4 Nxd2 15.
Qxd2 fxe5 16. O-O-O exd4 17. Qxd4 O-O 18. Qc5 Qxh4 19. Qd4 Rf4 20. Qe5 Raf8 21.
Bd3 Rxf3 22. Rhg1 Qf4+ 23. Qxf4 R3xf4 24. Rgf1 d4 25. c4 Rxf1 26. Bxf1 bxc4 27.
Bxc4 Rf4 28. h3 g6 29. a3 d3 30. Bxd3 Kg7 31. Bc2 e5 32. Rxd7+ Rf7 33. Ba4 e4
34. Kd2 Rxd7+ 35. Bxd7 Kf6 36. Ke3 Ke5 37. Bb5 g5 38. Bd7 a5 39. b4 Kd6 40. Be8
1-0

[Event "Challenge"]
[Site "http://www.queenalice.com/game.php?id=1501583"]
[Date "2017.11.1"]
[Round "-"]
[White "italomachado"]
[Black "mixatlas"]
[Result "1-0"]
[WhiteElo "1560"]
[BlackElo "1569"]

1. e4 c6 2. Qf3 d5 3. d3 e5 4. d4 Be6 5. dxe5 dxe4 6. Qxe4 Bd5 7. Qe3 Be7 8. c4
Bb4+ 9. Bd2 a5 10. a3 Bxd2+ 11. Nxd2 Be6 12. O-O-O Na6 13. Ne4 Qc7 14. Nd6+ Ke7
15. Qg5+ Kf8 16. Nf5 Bxf5 17. Qxf5 Ne7 18. Qf3 Qxe5 19. c5 Nxc5 20. Bc4 f6 21.
Nh3 b5 22. Rhe1 Qxh2 23. Qh5 bxc4 24. Re2 Nd3+ 25. Kd2 Nxb2 26. Rb1 Qd6+ 27. Kc2
Qd3+ 28. Kxb2 Rb8+ 29. Ka2 Rxb1 30. Rb2 Rxb2+ 31. Kxb2 g6 32. Qh6+ Kf7 33. Qc1
Qb3+ 34. Ka1 Nd5 35. Qd2 c3 36. Qa2 a4 37. Ng1 Qd1+ 38. Qb1 Qd3 39. Qxd3 1-0

[Event "Challenge"]
[Site "http://www.queenalice.com/game.php?id=1501584"]
[Date "2017.11.1"]
[Round "-"]
[White "attib"]
[Black "mixatlas"]
[Result "1-0"]
[WhiteElo "1509"]
[BlackElo "1595"]

1. e4 c6 2. Nf3 d5 3. e5 d4 4. d3 e6 5. c3 dxc3 6. Nxc3 Bb4 7. a3 Bxc3+ 8. bxc3
Nd7 9. Bg5 Ndf6 10. exf6 gxf6 11. Be3 e5 12. Be2 Bg4 13. O-O Bxf3 14. Bxf3 f5
15. Bc5 Ne7 16. Re1 1-0

[Event "Challenge"]
[Site "http://www.queenalice.com/game.php?id=1501585"]
[Date "2017.11.1"]
[Round "-"]
[White "fltrazzi"]
[Black "mixatlas"]
[Result "1-0"]
[WhiteElo "1640"]
[BlackElo "1544"]

1. e4 c6 2. Nf3 d5 3. exd5 Qxd5 4. c4 Qe6+ 5. Be2 Qg6 6. O-O Qf6 7. Qa4 e5 8. d3
Bd6 9. Bg5 Qg6 10. Nc3 Bg4 11. h3 Bxf3 12. Bxf3 Qxg5 13. Nd5 Ne7 14. Ne3 b5 15.
cxb5 Qf4 16. Qxf4 exf4 17. Nc4 Bc5 18. Rfe1 a6 19. bxc6 Ra7 20. Rad1 O-O 21. d4
Nbxc6 22. dxc5 Rd8 23. Rxd8+ Nxd8 24. c6 Kf8 25. b4 Ndxc6 26. Nd6 Nxb4 27. a3
Nc2 28. Rc1 Nxa3 29. Rd1 Rd7 30. Bg4 f5 31. Bh5 g6 32. Be2 a5 33. g3 fxg3 34.
fxg3 Rc7 35. Ra1 Nc8 36. Nxc8 Rxc8 37. Rxa3 Rc1+ 38. Kf2 Rc5 39. Bd1 Rd5 40. Bb3
Rd2+ 41. Ke3 Rd5 42. Bxd5 1-0

[Event "Challenge"]
[Site "http://www.queenalice.com/game.php?id=1502387"]
[Date "2017.11.6"]
[Round "-"]
[White "eduardocosta"]
[Black "mixatlas"]
[Result "1-0"]
[WhiteElo "1687"]
[BlackElo "1555"]

1. e3 e5 2. Be2 Nc6 3. b3 b5 4. Bb2 Bd6 5. Bxb5 Na5 6. Bc3 a6 7. Bxa5 axb5 8.
Bc3 Bb7 9. Nf3 f6 10. O-O Bxf3 11. Qxf3 b4 12. Bb2 Ra5 13. c3 Qb8 14. cxb4 Bxb4
15. a3 Be7 16. b4 Ra6 17. Nc3 c6 18. Ne2 g6 19. d4 exd4 20. Bxd4 h5 21. Nf4 Rh6
22. Qe4 f5 23. Qd3 Qb7 24. Bg7 Rh7 25. Bd4 g5 26. Qxf5 1-0

[Event "Challenge"]
[Site "http://www.queenalice.com/game.php?id=1507009"]
[Date "2017.12.7"]
[Round "-"]
[White "eduardocosta"]
[Black "mixatlas"]
[Result "1-0"]
[WhiteElo "1720"]
[BlackElo "1532"]

1. e3 d5 2. b3 e5 3. Bb2 f6 4. Be2 c6 5. c4 Ne7 6. cxd5 Qxd5 7. Nf3 e4 8. Nd4
Qg5 9. Bf1 Nd5 10. Nc3 Nxc3 11. Bxc3 1-0